Egyenlőtlen alfabetizáció és nemzetiségek a századforduló Magyarországán

Elmentve itt :
Bibliográfiai részletek
Szerző: Nagy Péter Tibor
Dokumentumtípus: Cikk
Megjelent: 2002
Sorozat:Iskolakultúra 12 No. 5
Online Access:http://misc.bibl.u-szeged.hu/39960
LEADER 00611nab a2200169 i 4500
001 misc39960
005 20191106140838.0
008 180709s2002 hu o 0|| zxx d
022 |a 1215-5233 
040 |a SZTE Miscellanea Repozitórium  |b hun 
041 |a zxx 
100 1 |a Nagy Péter Tibor 
245 1 0 |a Egyenlőtlen alfabetizáció és nemzetiségek a századforduló Magyarországán  |h [elektronikus dokumentum] /  |c  Nagy Péter Tibor 
260 |c 2002 
300 |a 53-65 
490 0 |a Iskolakultúra  |v 12 No. 5 
856 4 0 |u http://misc.bibl.u-szeged.hu/39960/1/EPA00011_iskolakultura_2002_05_053-065.pdf  |z Dokumentum-elérés